[Event "Rheinhausen-ch"]
[Site "Rheinhausen"]
[Date "2011.03.11"]
[Round "6"]
[White "Waldmann, Kai"]
[Black "Heinert, Eugen"]
[Result "0-1"]
[WhiteElo "1951"]
[BlackElo "2085"]
[PlyCount "78"]
[EventDate "2011.01.07"]
[EventType "swiss"]
[EventRounds "7"]
[EventCountry "GER"]
[SourceTitle "EXT 2015"]
[Source "ChessBase"]
[SourceDate "2014.11.20"]
[SourceVersion "1"]
[SourceVersionDate "2014.11.20"]
[SourceQuality "1"]

1. d4 d5 2. c4 c6 3. Qc2 dxc4 4. Qxc4 Nf6 5. Nf3 Bf5 6. Nc3 e6 7. Qb3 Qb6 8. Qxb6 axb6 9. Bd2 Na6 10. a3 b5 11. e3 Nb4 12. Rc1 Nd3+ 13. Bxd3 Bxd3 14. Ne5 Bg6 15. Na2 Ne4 16. Bb4 Nd6 17. f3 f6 18. Nxg6 hxg6 19. Ke2 Nc4 20. Bxf8 Kxf8 21. Rc2 Ke7 22. h3 Rhd8 23. Nc3 f5 24. g3 g5 25. f4 Kf6 26. h4 gxh4 27. gxh4 Rh8 28. Kf3 Rh6 29. Na2 Nd6 30. Nb4 Rah8 31. Rch2 Ne4 32. Nd3 Rg6 33. Rg2 Rgh6 34. Rgh2 Rg6 35. Rg2 Rxg2 36. Kxg2 Rh6 37. Ne5 Ke7 38. Kf3 Nd2+ 39. Kf2 Ne4+ 0-1

[Event "Rheinhausen-ch"]
[Site "Rheinhausen"]
[Date "2011.02.25"]
[Round "5"]
[White "Kempken, Reinhold Johann"]
[Black "Waldmann, Kai"]
[Result "0-1"]
[WhiteElo "1587"]
[BlackElo "1951"]
[PlyCount "128"]
[EventDate "2011.01.07"]
[EventType "swiss"]
[EventRounds "7"]
[EventCountry "GER"]
[SourceTitle "EXT 2015"]
[Source "ChessBase"]
[SourceDate "2014.11.20"]
[SourceVersion "1"]
[SourceVersionDate "2014.11.20"]
[SourceQuality "1"]

1. e4 e6 2. d4 d5 3. Nc3 Bb4 4. e5 b6 5. Qg4 Bf8 6. f4 Qd7 7. Nf3 Ne7 8. Bd3 Ba6 9. Nh4 Bxd3 10. cxd3 Nbc6 11. Be3 g6 12. 0-0 0-0-0 13. a3 h5 14. Qe2 Ng8 15. Rac1 Kb7 16. Qc2 Be7 17. Nf3 Nh6 18. Ne2 Nf5 19. Bd2 Rc8 20. b4 Nb8 21. a4 c6 22. Qb3 Na6 23. Rc2 Rc7 24. Rfc1 Rhc8 25. b5 cxb5 26. axb5 Nb8 27. Nc3 Qd8 28. Ra1 Nd7 29. Qa4 Ra8 30. Qa6+ Kb8 31. Rac1 Qc8 32. Ra2 Qxa6 33. bxa6 Kc8 34. Rac2 Kd8 35. Nb5 Rxc2 36. Rxc2 Ng7 37. Rc7 Ne8 38. Rxa7 Rxa7 39. Nxa7 Nb8 40. Nb5 Nxa6 41. Kf2 Kd7 42. Ke2 Nec7 43. Nxc7 Kxc7 44. Kd1 Kc6 45. Kc2 Kb5 46. Kb3 Nb8 47. Ne1 Nc6 48. Nc2 Na5+ 49. Kb2 Ka4 50. Na1 Nc6 51. Bc3 Ba3+ 52. Kc2 Ne7 53. Nb3 Nf5 54. Bd2 Bb4 55. Bxb4 Kxb4 56. g3 Ne3+ 57. Kb2 Nf1 58. Nc1 Nxh2 59. Ne2 Ng4 60. Kc2 Ne3+ 61. Kd2 Nf5 62. Kc2 Ka3 63. Kc3 b5 64. Kc2 b4 0-1

[Event "Rheinhausen-ch"]
[Site "Rheinhausen"]
[Date "2011.02.04"]
[Round "3"]
[White "Proettel, Swen"]
[Black "Waldmann, Kai"]
[Result "1/2-1/2"]
[WhiteElo "2185"]
[BlackElo "1951"]
[PlyCount "54"]
[EventDate "2011.01.07"]
[EventType "swiss"]
[EventRounds "7"]
[EventCountry "GER"]
[SourceTitle "EXT 2015"]
[Source "ChessBase"]
[SourceDate "2014.11.20"]
[SourceVersion "1"]
[SourceVersionDate "2014.11.20"]
[SourceQuality "1"]

1. e4 e6 2. d3 d5 3. Nd2 Nf6 4. Ngf3 Be7 5. g3 0-0 6. Bg2 b6 7. e5 Nfd7 8. 0-0 c5 9. Re1 Nc6 10. Nf1 Qc7 11. Bf4 b5 12. h4 a5 13. Ne3 Nb6 14. Ng4 Nd4 15. Nf6+ Kh8 16. Ng5 h6 17. Qh5 Bd8 18. Nfh7 Bxg5 19. Nxg5 Kg8 20. Ne4 dxe4 21. Bxe4 Bb7 22. Bxh6 Bxe4 23. Bxg7 Nf3+ 24. Kf1 Nh2+ 25. Kg1 Nf3+ 26. Kf1 Nh2+ 27. Kg1 Nf3+ 1/2-1/2

[Event "Rheinhausen-ch 14th"]
[Site "Duisburg Rheinhausen"]
[Date "2010.03.12"]
[Round "6"]
[White "Ritter, Uwe"]
[Black "Waldmann, Kai"]
[Result "1-0"]
[WhiteElo "1935"]
[BlackElo "1924"]
[PlyCount "137"]
[EventDate "2010.01.08"]
[EventType "swiss"]
[EventRounds "7"]
[EventCountry "GER"]
[SourceTitle "EXT 2018"]
[Source "ChessBase"]
[SourceDate "2017.10.13"]
[SourceVersion "1"]
[SourceVersionDate "2017.10.13"]
[SourceQuality "1"]

1. d4 d5 2. c4 e6 3. Nf3 Nf6 4. g3 c6 5. Bg2 Be7 6. 0-0 0-0 7. Nbd2 Nbd7 8. Qc2 b6 9. e4 dxe4 10. Nxe4 Bb7 11. Rd1 Qc8 12. Nxf6+ Nxf6 13. c5 bxc5 14. dxc5 Nd5 15. Ng5 Bxg5 16. Bxg5 h6 17. Bd2 Qc7 18. Qe4 Rae8 19. Qa4 Ra8 20. Qh4 Qe7 21. Qxe7 Nxe7 22. Bxh6 Nd5 23. Bd2 Ba6 24. b3 Be2 25. Re1 Bd3 26. Bf4 a5 27. Bd6 Rfd8 28. Rad1 Bb5 29. a4 Ba6 30. Rd4 Rd7 31. Rg4 Bc8 32. Rh4 Rb7 33. Be4 f6 34. Bc2 Rb4 35. Rxb4 Nxb4 36. Bg6 Ra7 37. Be8 Ra8 38. Re4 e5 39. Rxb4 axb4 40. Bxc6 Ra7 41. Bd5+ Kh7 42. c6 Ra5 43. Bc4 e4 44. Bb5 Be6 45. Bxb4 Ra8 46. c7 f5 47. a5 Bc8 48. Bd2 Kg6 49. b4 Ra7 50. Bf4 Kf6 51. h4 Ke6 52. a6 Kd5 53. Kf1 Rxa6 54. Bxa6 Bxa6+ 55. Ke1 g6 56. Kd2 Kc4 57. Ke3 Kd5 58. b5 Bc8 59. Bh6 Bd7 60. Bf8 Ke5 61. Bc5 Bc8 62. Bd4+ Kd5 63. Bb2 Kd6 64. Kf4 Ke6 65. Kg5 Kf7 66. Bf6 Bb7 67. h5 gxh5 68. Kxf5 Bc8+ 69. Ke5 1-0

[Event "Rheinhausen-ch 13th"]
[Site "Duisburg Rheinhausen"]
[Date "2009.01.30"]
[Round "3"]
[White "Waldmann, Kai"]
[Black "Kaiser, Daniel"]
[Result "1-0"]
[WhiteElo "1926"]
[BlackElo "1669"]
[PlyCount "107"]
[EventDate "2009.01.09"]
[EventType "swiss"]
[EventRounds "7"]
[EventCountry "GER"]
[SourceTitle "EXT 2018"]
[Source "ChessBase"]
[SourceDate "2017.10.13"]
[SourceVersion "1"]
[SourceVersionDate "2017.10.13"]
[SourceQuality "1"]

1. d4 Nf6 2. c4 e5 3. dxe5 Ng4 4. e4 Nxe5 5. f4 Nec6 6. Be3 a5 7. Nf3 Na6 8. Nc3 Bb4 9. Bd3 Bxc3+ 10. bxc3 b6 11. 0-0 Bb7 12. Bd4 Nxd4 13. cxd4 Qe7 14. a3 f6 15. Qb3 0-0-0 16. c5 Nxc5 17. dxc5 Qxc5+ 18. Kh1 Kb8 19. Rfe1 Rhe8 20. Rac1 Qd6 21. e5 fxe5 22. fxe5 Qh6 23. Qc2 c5 24. Rcd1 Qf4 25. Qc4 Qxc4 26. Bxc4 Bxf3 27. gxf3 Kc7 28. Rd3 Re7 29. f4 Rf8 30. Rf3 Kc6 31. a4 d5 32. Bb5+ Kc7 33. Kg2 d4 34. h4 g6 35. Ref1 Rf5 36. Kg3 Rf8 37. R1f2 Re6 38. Rd3 Re7 39. Rd1 Rd8 40. Kf3 Rf8 41. Ke4 Ref7 42. Bc4 Rf5 43. Be6 Rh5 44. Rh2 Rh6 45. Bg4 Kc6 46. Be2 Rd8 47. Bb5+ Kc7 48. h5 gxh5 49. Rdh1 Rg8 50. Rxh5 Rxh5 51. Rxh5 h6 52. Rxh6 Rg3 53. Rh7+ Kb8 54. Rd7 1-0